Social Security and Development / (Record no. 616681)

MARC details
000 -LEADER
fixed length control field 01120nam a2200181Ia 4500
008 - FIXED-LENGTH DATA ELEMENTS--GENERAL INFORMATION
fixed length control field 260302s9999 xx 000 0 und d
020 ## - INTERNATIONAL STANDARD BOOK NUMBER
ISBN 9781403999542
082 ## - DEWEY DECIMAL CLASSIFICATION NUMBER
Classification number 338.9
Item number MID
100 ## - MAIN ENTRY--AUTHOR NAME
Personal name Midgley, James
245 #0 - TITLE STATEMENT
Title Social Security and Development /
Statement of responsibility, etc Midgley, James; Tang, Kwong-leung
260 ## - PUBLICATION, DISTRIBUTION, ETC. (IMPRINT)
Name of publisher Palgrave Macmillan,
Year of publication 2008
300 ## - PHYSICAL DESCRIPTION
Number of Pages 256 pages
520 ## - SUMMARY, ETC.
Summary, etc At present, many governments are privatizing social security programs, largely on the ground that these programs are expensive and harmful to economic development. This book provides the first systematic analysis of the relationship between social security and economic development, addressing the conflicting claims that social security can both harm and improve development. Using many international case studies, the book sheds light on the debate, with each country study focusing on a particular aspect of the issue and expressing a positivity towards the contribution social security can make towards economic development.
650 ## - SUBJECT ADDED ENTRY--TOPICAL TERM
Topical Term Business & Economics
700 ## - ADDED ENTRY--PERSONAL NAME
Personal name Tang, Kwong-leung
942 ## - ADDED ENTRY ELEMENTS (KOHA)
Koha item type English Books
Holdings
Withdrawn status Lost status Damaged status Not for loan Home library Current library Shelving location Date acquired Full call number Accession Number Price effective from Koha item type
        Anna Centenary Library Anna Centenary Library 4TH FLOOR, A WING 02.03.2026 338.9 MID 321579 02.03.2026 English Books

Find us on the map